logo

Bir Sreshtho Munshi Abdur Rouf Library
Jhenaidah Cadet College

প্রেসিডেন্ট জামাল আবদুন্ নাসের / (Record no. 9627)

MARC details
000 -LEADER
fixed length control field 00689nam a2200217 a 4500
001 - CONTROL NUMBER
JCCL Control Number 9627
003 - CONTROL NUMBER IDENTIFIER
JCCL marc code BD-JhCC
005 - DATE AND TIME OF LATEST TRANSACTION
control field 20180321102200.0
008 - FIXED-LENGTH DATA ELEMENTS--GENERAL INFORMATION
fixed length control field 180321s1377 bg |||| ||a| 000 0 b d
035 ## - SYSTEM CONTROL NUMBER
system control number (BD-JhCC)9627
040 ## - CATALOGING SOURCE
Original cataloging agency BD-JhCC
Modifying agency BD-JhCC
041 ## - LANGUAGE CODE
Language code of Book ben
082 ## - DEWEY DECIMAL CLASSIFICATION NUMBER
Classification number 923
Author mark and Year RAH 1377
100 ## - MAIN ENTRY--PERSONAL NAME
Personal name রহমান, বদিউর
245 ## - TITLE STATEMENT
Title প্রেসিডেন্ট জামাল আবদুন্ নাসের /
Statement of responsibility, etc বদিউর রহমান
260 ## - PUBLICATION, DISTRIBUTION, ETC. (IMPRINT)
Place of publication, distribution, etc বরিশাল:
Name of publisher, distributor, etc বাছিত প্রিন্টিং ওয়ার্কস;
Date of publication, distribution, etc 1377.
300 ## - PHYSICAL DESCRIPTION
Pagination 67 p.:
Dimensions 21 cm.
651 ## - SUBJECT ADDED ENTRY--GEOGRAPHIC NAME
Geographic name Biography
942 ## - ADDED ENTRY ELEMENTS (KOHA)
Source of classification or shelving scheme Dewey Decimal Classification
Koha item type Books
Holdings
Source of classification or shelving scheme Damaged status Not for loan Home library Current library Shelving location Date of accession Cost, normal purchase price Total Checkouts Full call number Barcode Date last seen Copy number Koha item type
Dewey Decimal Classification     JCC Rouf Library JCC Rouf Library General Stacks 03/21/2018 2.00   923 RAH 1377 12670 03/21/2018 C - 1 Books

JCC Library | Contacts | JCC Home

Last Update on 23 September 2017
Copyright @ 2017-2020 JCC Rouf Library
Rouf Library, Jhenidah Cadet College (JCC), Bangladesh